| 000 | 00744nam a2200265Ia 4500 | ||
|---|---|---|---|
| 001 | Z_1329 | ||
| 003 | CHAP | ||
| 008 | 220113s1978 xx 000 0 und d | ||
| 010 | _a164417 | ||
| 040 | _cCHAP | ||
| 090 | _aTesis W 710 | ||
| 100 |
_aWaller, John C _9120932 |
||
| 245 |
_aSlowly degraded protein sources for ruminants / _cpor John C. Waller |
||
| 260 |
_aLincoln, Nebraska : _bThe author, _c1978 |
||
| 300 | _a102 h | ||
| 502 | _aThesis (Doctor of Phylosophy) -- University of Nebraska. Department of Animal Science | ||
| 650 |
_aProteína en nutrición animal _9138567 |
||
| 650 |
_aRumiantes _xNutrición _9100847 |
||
| 901 | _aTESIS W 710 | ||
| 902 | _aM | ||
| 910 | _a1978 | ||
| 942 | _c2 | ||
| 942 | _c2 | ||
| 999 |
_c164417 _d164417 |
||